QUANTITATIVE METHODS FOR BUSINESS (Record no. 35031)

MARC details
000 -LEADER
fixed length control field 00253nam a2200109Ia 4500
008 - FIXED-LENGTH DATA ELEMENTS--GENERAL INFORMATION
fixed length control field 240625s9999 xx 000 0 und d
041 ## - LANGUAGE CODE
Language code of text/sound track or separate title eng
082 ## - DEWEY DECIMAL CLASSIFICATION NUMBER
Classification number 658.4033 AND
100 ## - MAIN ENTRY--PERSONAL NAME
Personal name ANDERSON
245 ## - TITLE STATEMENT
Title QUANTITATIVE METHODS FOR BUSINESS
260 ## - PUBLICATION, DISTRIBUTION, ETC.
Date of publication, distribution, etc. 2006
Holdings
Withdrawn status Lost status Damaged status Not for loan Home library Current library Shelving location Date acquired Full call number Barcode Date last seen Price effective from Koha item type
        IMTN IMTN Rack 26-B 11/07/2014 658.4033 AND CD2059 06/25/2024 06/25/2024 CD
Designed & Maintained by: LRC IMT Nagpur Contact: lrc@imtnag.ac.in© 2024. All Rights Reserved.